| 000 | 00556nam a22001817a 4500 | ||
|---|---|---|---|
| 005 | 20231101104421.0 | ||
| 008 | 231101b |||||||| |||| 00| 0 eng d | ||
| 020 | _a9780702172632 | ||
| 041 | _aEnglish | ||
| 082 | _a346.7 GER | ||
| 100 |
_aGering, L _lEnglish |
||
| 245 |
_aHandbook on the Law of Negotiable Instruments / _cL Gering |
||
| 250 | _aThird Edition | ||
| 260 |
_aCape Town : _bJuta and Company Ltd, _c2007 |
||
| 300 |
_bxxix, 458 pages ; _c25, 5 cm. |
||
| 650 |
_aLegal practice _bLaw |
||
| 942 |
_cBK _6ALISON_BN_VRIES |
||
| 999 |
_c213 _d213 |
||